000 00600nam a22001937a 4500
999 _c14543
_d14543
003 AR-CdUCM
008 190423b ||||| |||| 00| 0 spa d
020 _a978-84-683-1555-3
040 _aMUNICIPALIDAD PROVINCIAL DEL CUSCO
_cBIBLIOTECA MUNICIPAL DEL CUSCO
082 _aPI / 376.12 /
_bM79
100 _aMoore Mallinos, Jennifer
_933350
245 _aConflictos /
260 _aBarcelona :
_bEdebé,
_c2014.
300 _a31 páginas ;
_bIlustraciones,
_c24 cm.
440 _aLecciones de vida ;
_933351
650 _aLiteratura infantil
_9588
942 _2ddc
_cLIBROS
945 _aacv
_d2019-04-23